| 000 | 00998nam a2200325 4500 | ||
|---|---|---|---|
| 001 | |||
| 003 | |||
| 005 | 20220822123120.0 | ||
| 008 | 080604s1986 sp | |||| 000 f spa | ||
| 015 | _a | ||
| 020 | _a8432065587 | ||
| 040 |
_aBPMSU _bspa _c BPMSU _e |
||
| 082 |
_2863.6 _aV182y 1986 _b22 |
||
| 100 | 1 |
_aVallejo-Nágera, Juan Antonio _d1926-1990 _0 |
|
| 245 | 1 | 0 |
_aYo, el rey / _cJuan Antonio Vallejo-Nágera |
| 260 |
_aBarcelona _bPlaneta, _c1985. |
||
| 300 |
_a285 p ; _c19 cm |
||
| 490 | 0 |
_a Autores espñoles e hispanoaméricanos _v |
|
| 504 | _aBibliografía: p. 275-285 | ||
| 586 | _a"Premio Planeta 1985" | ||
| 590 | _6Inventariado, 2022/VM | ||
| 600 | 0 | 7 |
_aJosé _bI, _cRey de España _vNovelas _2embne |
| 650 | 4 | _aNovela histórica española. | |
| 651 |
_aEspaña _xReyes y soberanos _ySiglo XIX _v Novela . |
||
| 655 | 7 |
_aNovelas de humor _2tgfbne |
|
| 830 | 0 |
_aNovela histórica (Booket (Editorial)) _v6036 |
|
| 901 | _a | ||
| 910 | _aVMateo V. | ||
| 942 |
_2ddc _cBK |
||
| 999 |
_c14238 _d14238 |
||